00000000nam##2200000za#4500
0019.643303
003CaOODSP
00520210624224115
007cr |||||||||||
008150407|1981||||xxc|||||o    f|0| 0 fre|d
040 |aCaOODSP|bfre
043 |an-cn---
0861 |aEn14-190/1981F-PDF
1101 |aCanada. |bEnvironnement Canada.
24510|aTechniques de destruction des BPC |h[ressource électronique]
2461 |aNote d'information
260 |aOttawa - Ontario : |bEnvironnement Canada |c[1981].
300 |a2p.|bfigure
590 |a14-21-Supp|b2014-12-11
69107|aGestion des déchets|2gcpds
69107|aProduit toxique|2gcpds
77508|tPCB destruction technologies |w(CaOODSP)9.699154
85640|ahttp://publications.gc.ca|qPDF|s108 Ko|uhttps://publications.gc.ca/collections/collection_2014/ec/En14-190-1981-fra.pdf